[Event "Open Portugal 2019"]
[Site "Lisboa POR"]
[Date "2019.02.07"]
[Round "6.16"]
[White "Jakubowski, Krzystof"]
[Black "Chingüün, Sumiya"]
[Result "1-0"]
[WhiteElo "2514"]
[BlackElo "2286"]
[WhiteFideId "1112848"]
[BlackFideId "4902572"]
[WhiteTitle "GM"]
[WhiteCountry "POL"]
[BlackCountry "MGL"]
[PlyCount "93"]
[EventDate "2019.??.??"]

1. Nf3 Nf6 2. g3 g6 3. c4 Bg7 4. Bg2 O-O 5. d4 d6 6. O-O Nbd7 7. Nc3 e5 8. h3 c6
9. b3 Re8 10. e4 exd4 11. Nxd4 Qb6 12. Be3 Nc5 13. Qc2 a5 14. Nde2 Qc7 15. Rad1
Qe7 16. f3 Be6 17. Rd2 a4 18. Rfd1 axb3 19. axb3 b5 20. Rxd6 Nb7 21. c5 Nxd6 22.
cxd6 Qd7 23. Kh2 Ra3 24. Nc1 h5 25. Bc5 Raa8 26. N3e2 Qc8 27. f4 Bd7 28. Nd4 h4
29. gxh4 Nh5 30. Nd3 Qd8 31. Ne2 Qxh4 32. Bf2 Qd8 33. Nc5 f6 34. Bf3 Be6 35. d7
Re7 36. Nb7 Qc7 37. d8=Q+ Rxd8 38. Rxd8+ Kh7 39. Bxh5 gxh5 40. e5+ f5 41. Nd4
Bf7 42. Nf3 Bh6 43. Qxf5+ Bg6 44. Ng5+ Bxg5 45. Qxg5 Qxb7 46. f5 Bf7 47. f6 1-0

[Event "Open Portugal 2019"]
[Site "Lisboa POR"]
[Date "2019.02.07"]
[Round "6.17"]
[White "Spraggett, Kevin"]
[Black "Risting, Eivind Olav"]
[Result "1-0"]
[WhiteElo "2513"]
[BlackElo "2282"]
[WhiteFideId "2600013"]
[BlackFideId "1517333"]
[WhiteTitle "GM"]
[BlackTitle "FM"]
[WhiteCountry "CAN"]
[BlackCountry "NOR"]
[PlyCount "91"]

1. e4 c5 2. Nf3 d6 3. d4 cxd4 4. Nxd4 Nf6 5. Nc3 Nc6 6. Bg5 e6 7. Qd2 Be7 8.
O-O-O Nxd4 9. Qxd4 a6 10. f4 b5 11. Bxf6 gxf6 12. Kb1 Qc7 13. Be2 Qc5 14. Qd3
Bb7 15. Bf3 O-O 16. f5 b4 17. Ne2 e5 18. c4 a5 19. Ng3 Rac8 20. Rc1 h6 21. Rhd1
Kh7 22. Nf1 Qa7 23. Ne3 Rg8 24. h3 Kg7 25. Ka1 Qc5 26. Qe2 Rh8 27. Rd3 Qa7 28.
Qe1 Qa8 29. Qh4 Kf8 30. Rxd6 Bxd6 31. Qxf6 Kg8 32. Qxd6 Qb8 33. Qf6 Rc6 34. Qh4
Qa7 35. Nd5 Qc5 36. Qg3+ Kh7 37. Qxe5 Qd6 38. Qxd6 Rxd6 39. e5 Rc6 40. Nf6+ Rxf6
41. exf6 Bxf3 42. gxf3 Rc8 43. c5 Rc6 44. b3 h5 45. Kb2 Kh6 46. h4 1-0

[Event "Open Portugal 2019"]
[Site "Lisboa POR"]
[Date "2019.02.07"]
[Round "6.18"]
[White "Galego, Luís"]
[Black "Pacan-Milej, Kosma"]
[Result "1-0"]
[WhiteElo "2508"]
[BlackElo "2273"]
[WhiteFideId "1900072"]
[BlackFideId "21800537"]
[WhiteTitle "GM"]
[BlackTitle "FM"]
[WhiteCountry "POR"]
[BlackCountry "POL"]
[PlyCount "95"]
[EventDate "2019.??.??"]

1. e4 c5 2. Nf3 d6 3. c3 Nf6 4. Bb5+ Nbd7 5. Qe2 a6 6. Ba4 b5 7. Bc2 Bb7 8. O-O
g6 9. d4 Bg7 10. Rd1 cxd4 11. cxd4 O-O 12. a4 Qc7 13. Bd3 e5 14. dxe5 Nxe5 15.
Nxe5 dxe5 16. Bg5 Rfd8 17. Nd2 h6 18. Be3 Bf8 19. axb5 axb5 20. Rac1 Qa5 21. f3
Qb4 22. Bxb5 Qxb2 23. Rc7 Bc8 24. Bc4 Be6 25. Bxe6 fxe6 26. Qc4 Qa2 27. Rc1 Ra4
28. Qxa2 Rxa2 29. Nc4 Nh5 30. Nxe5 Bd6 31. Rc8 Rxc8 32. Rxc8+ Kh7 33. Ng4 Ra1+
34. Kf2 Ra2+ 35. Kf1 Ra1+ 36. Rc1 Rxc1+ 37. Bxc1 g5 38. Ke2 Kg6 39. g3 Ng7 40.
Bb2 Ne8 41. Ne5+ Kh7 42. Kd3 Bc5 43. Bd4 Bb4 44. Nc6 Bd6 45. Be5 Bc5 46. Nd8 Bg1
47. h3 Bh2 48. Nxe6 1-0

[Event "Open Portugal 2019"]
[Site "Lisboa POR"]
[Date "2019.02.07"]
[Round "6.19"]
[White "Bubalovic, Davorin"]
[Black "Dvirnyy, Danyyil"]
[Result "0-1"]
[WhiteElo "2249"]
[BlackElo "2487"]
[WhiteFideId "14500515"]
[BlackFideId "817570"]
[WhiteTitle "FM"]
[BlackTitle "GM"]
[WhiteCountry "CRO"]
[BlackCountry "ITA"]
[PlyCount "98"]

1. e4 c5 2. Nf3 d6 3. d4 cxd4 4. Nxd4 Nf6 5. Nc3 a6 6. Bg5 Nbd7 7. Qd2 e6 8. f3
Qc7 9. a4 Be7 10. a5 O-O 11. Be2 Re8 12. O-O Bf8 13. Kh1 d5 14. exd5 Nxd5 15.
Nxd5 exd5 16. Bf4 Ne5 17. Rfe1 Bd6 18. Bd3 Bd7 19. Bg3 h5 20. Bf5 Nc4 21. Bxd6
Qxd6 22. Qg5 Re5 23. f4 Rxe1+ 24. Rxe1 Re8 25. Rxe8+ Bxe8 26. c3 Nxa5 27. Bd3 g6
28. f5 Nc6 29. fxg6 fxg6 30. Nxc6 Qxc6 31. Qe5 a5 32. Kg1 Bf7 33. Kf1 Qb6 34.
Qe2 Qd6 35. g3 d4 36. cxd4 Qxd4 37. Ke1 Kg7 38. Kd1 b5 39. Kc1 b4 40. Bc2 Qc5
41. Kd2 Qd4+ 42. Kc1 h4 43. gxh4 Qf4+ 44. Kd1 Qxh4 45. Qd2 Be6 46. Kc1 Qc4 47.
Qg5 Bf5 48. Qe7+ Kh6 49. Qe3+ g5 0-1

[Event "Open Portugal 2019"]
[Site "Lisboa POR"]
[Date "2019.02.07"]
[Round "6.20"]
[White "Hernandez Munoz, Antonio Ramon"]
[Black "Bilgüün, Sumiya"]
[Result "0-1"]
[WhiteElo "2249"]
[BlackElo "2471"]
[WhiteFideId "22241280"]
[BlackFideId "4901541"]
[BlackTitle "IM"]
[WhiteCountry "ESP"]
[BlackCountry "MGL"]
[PlyCount "139"]
[EventDate "2019.??.??"]

1. d4 Nf6 2. c4 e6 3. g3 d5 4. Nf3 dxc4 5. Bg2 Bb4+ 6. Bd2 a5 7. O-O Bxd2 8.
Qxd2 c6 9. Ne5 O-O 10. a4 Na6 11. Nxc4 Nb4 12. Nc3 b6 13. Rfd1 Ba6 14. Ne5 Rc8
15. e4 Qe7 16. f4 Rfd8 17. Re1 Nd7 18. Nf3 Nc5 19. Ra3 Ncd3 20. Re3 e5 21. fxe5
Nxe5 22. Nxe5 Qxe5 23. Nd5 Qd6 24. e5 Qf8 25. Nf4 Bc4 26. Rac3 Bd5 27. e6 Bxe6
28. Nxe6 fxe6 29. Rxe6 Qf5 30. Rce3 Qb1+ 31. Re1 Qd3 32. Qxd3 Nxd3 33. R1e2 Nb4
34. R2e4 Nc2 35. Rf4 Rxd4 36. Be4 Rd1+ 37. Kg2 Ne3+ 38. Kh3 Nd5 39. Bxd5 Rxd5
40. Rc4 Rh5+ 41. Kg2 b5 42. Rcxc6 Rxc6 43. Rxc6 bxa4 44. Ra6 Rb5 45. Kf3 h5 46.
h4 Kf7 47. Kf4 g6 48. Ke4 Kg7 49. Kf4 Rb4+ 50. Kf3 Rb3+ 51. Kf4 Rxb2 52. Rxa5
Rb4+ 53. Kf3 Rg4 54. Re5 Kf6 55. Re8 Rb4 56. Ra8 Ke7 57. Ra6 Rg4 58. Rc6 Kd7 59.
Rc5 Kd6 60. Rc8 Kd5 61. Rc7 Rb4 62. Rc8 Kd4 63. Kf4 Kd3+ 64. Kf3 a3 65. Ra8 Rb3
66. g4 Kc2+ 67. Kf4 Rb4+ 68. Ke5 Kb2 69. g5 a2 70. Kf6 0-1

[Event "Open Portugal 2019"]
[Site "Lisboa POR"]
[Date "2019.02.07"]
[Round "6.21"]
[White "Miezis, Normunds"]
[Black "Garcia Dorado, Alberto"]
[Result "1-0"]
[WhiteElo "2467"]
[BlackElo "2223"]
[WhiteFideId "11600136"]
[BlackFideId "2252244"]
[WhiteTitle "GM"]
[BlackTitle "CM"]
[WhiteCountry "LAT"]
[BlackCountry "ESP"]
[PlyCount "120"]

1. c4 e5 2. Nc3 Bb4 3. g3 Bxc3 4. dxc3 d6 5. Bg2 Nc6 6. e4 Be6 7. Qe2 Qd7 8. h3
Nge7 9. Nf3 h6 10. Nd2 O-O 11. b3 a6 12. Bb2 f5 13. exf5 Bxf5 14. Ne4 Rf7 15.
O-O-O Raf8 16. Rd2 Kh8 17. Ba3 Qe6 18. Kb2 Rb8 19. h4 Rff8 20. Rhd1 Qf7 21. Ka1
a5 22. Bc1 a4 23. b4 Be6 24. Bf1 b6 25. Re1 Qg6 26. Qd1 Qf7 27. Qe2 Qg6 28. Qd3
Qf7 29. Rdd1 Rbd8 30. Qe2 Qg6 31. h5 Qg4 32. Rd2 Qxe2 33. Bxe2 Bf5 34. f3 Rf7
35. Bd1 Be6 36. c5 bxc5 37. bxc5 d5 38. Nf2 d4 39. cxd4 Nxd4 40. Rxe5 Nec6 41.
Re3 Rfd7 42. Bxa4 Bf7 43. Red3 Rd5 44. Bb2 Nxf3 45. Rxf3 Rxd2 46. Rxf7 Nd4 47.
Bc3 Re2 48. Bd1 Ree8 49. Kb2 Kg8 50. Rxc7 Rf8 51. Ne4 Kh8 52. Bb3 Rfe8 53. Bxd4
Rxd4 54. Nd6 Rf8 55. Nf7+ Kh7 56. c6 Rd2+ 57. Bc2+ Kg8 58. Kc3 Rg2 59. Bb3 Rxg3+
60. Kb4 Rh3 1-0

[Event "Open Portugal 2019"]
[Site "Lisboa POR"]
[Date "2019.02.07"]
[Round "6.22"]
[White "Dâmaso, Rui"]
[Black "Rego, Pedro"]
[Result "1/2-1/2"]
[WhiteElo "2439"]
[BlackElo "2228"]
[WhiteFideId "1900030"]
[BlackFideId "1904310"]
[WhiteTitle "IM"]
[BlackTitle "FM"]
[WhiteCountry "POR"]
[BlackCountry "POR"]
[PlyCount "31"]
[EventDate "2019.??.??"]

1. Nf3 Nf6 2. g3 d5 3. Bg2 e6 4. O-O Be7 5. d3 O-O 6. Nbd2 Nc6 7. c3 a5 8. e4
dxe4 9. dxe4 e5 10. Nc4 Nxe4 11. Nfxe5 Nxe5 12. Nxe5 Qxd1 13. Rxd1 Nd6 14. Bf4
a4 15. Bd5 Bf6 16. Nc4 1/2-1/2

[Event "Open Portugal 2019"]
[Site "Lisboa POR"]
[Date "2019.02.07"]
[Round "6.23"]
[White "Nordquelle, Daniel"]
[Black "Thórhallsson, Thröstur"]
[Result "0-1"]
[WhiteElo "2235"]
[BlackElo "2425"]
[WhiteFideId "1519042"]
[BlackFideId "2300109"]
[WhiteTitle "FM"]
[BlackTitle "GM"]
[WhiteCountry "NOR"]
[BlackCountry "ISL"]
[PlyCount "66"]

1. e4 c5 2. Nc3 e6 3. g3 Nc6 4. Bg2 g6 5. Nge2 Bg7 6. d3 d6 7. Be3 Nd4 8. Qd2
Ne7 9. Nd1 Nxe2 10. Qxe2 b6 11. Qd2 h5 12. h4 Bb7 13. c3 d5 14. f4 O-O 15. e5
Qc7 16. d4 Ba6 17. Bf3 f6 18. Kf2 Nf5 19. Kg2 Rac8 20. g4 hxg4 21. Bxg4 fxe5 22.
fxe5 cxd4 23. Bxf5 dxe3 24. Bxe6+ Kh7 25. Nxe3 Rce8 26. Bxd5 Rxe5 27. Rh3 Bh6
28. h5 Bxe3 29. hxg6+ Kxg6 30. Rg3+ Kf6 31. Rf3+ Kg6 32. Qc2+ Kg7 33. Rh1 Rg5+
0-1

[Event "Open Portugal 2019"]
[Site "Lisboa POR"]
[Date "2019.02.07"]
[Round "6.25"]
[White "Li, Xueyi"]
[Black "Martín Duque, Jesus"]
[Result "1-0"]
[WhiteElo "2217"]
[BlackElo "2393"]
[WhiteFideId "8605912"]
[BlackFideId "2208954"]
[BlackTitle "FM"]
[WhiteCountry "CHN"]
[BlackCountry "ESP"]
[PlyCount "127"]

1. d4 e6 2. g3 Nf6 3. Bg2 d5 4. c4 Bb4+ 5. Bd2 Be7 6. Nf3 O-O 7. O-O Nbd7 8. Qc2
Ne4 9. Bf4 c6 10. Nfd2 g5 11. cxd5 exd5 12. Be3 Nd6 13. Nc3 Nb6 14. f3 Bf5 15.
Qc1 Bg6 16. Bf2 f5 17. e4 f4 18. Re1 Qd7 19. a4 a5 20. Qd1 Ndc4 21. Nxc4 Nxc4
22. exd5 cxd5 23. Nxd5 Qxd5 24. Rxe7 Nxb2 25. Qe2 Nd3 26. Bh3 Kh8 27. Be6 Qd6
28. Rd7 Qb6 29. Rd1 Rf6 30. d5 Qxf2+ 31. Qxf2 Nxf2 32. Kxf2 fxg3+ 33. hxg3 Raf8
34. Bg4 Be4 35. Rh1 h6 36. Kg2 Bc2 37. Rxb7 Bxa4 38. Rc1 Be8 39. Rcc7 Bg6 40.
Ra7 a4 41. Bh5 Rd8 42. Bg4 Rdf8 43. Rc6 h5 44. Rxf6 Rxf6 45. Be6 Bf5 46. Bxf5
Rxf5 47. d6 Rf8 48. Re7 a3 49. d7 a2 50. Re8 a1=Q 51. Rxf8+ Kg7 52. d8=Q Qa2+
53. Kh3 Qe6+ 54. g4 hxg4+ 55. fxg4 Qe3+ 56. Kg2 Qe2+ 57. Rf2 Qxg4+ 58. Kh2 Qh4+
59. Kg1 Qg3+ 60. Kf1 Qh3+ 61. Ke1 Qe3+ 62. Re2 Qc3+ 63. Qd2 Qg3+ 64. Kd1 1-0

[Event "Open Portugal 2019"]
[Site "Lisboa POR"]
[Date "2019.02.07"]
[Round "6.26"]
[White "Carrasco Martínez, Juan M"]
[Black "Martins, Bruno"]
[Result "1-0"]
[WhiteElo "2380"]
[BlackElo "2204"]
[WhiteFideId "2207729"]
[BlackFideId "1942255"]
[WhiteTitle "IM"]
[BlackTitle "NM"]
[WhiteCountry "ESP"]
[BlackCountry "POR"]
[PlyCount "73"]
[EventDate "2019.??.??"]

1. e4 c5 2. Nc3 g6 3. f4 Bg7 4. Nf3 Nc6 5. Bb5 Nd4 6. a4 a6 7. Bc4 e6 8. d3 Ne7
9. e5 d6 10. exd6 Qxd6 11. Ne4 Qc7 12. c3 Ndf5 13. a5 O-O 14. O-O Nd5 15. Qe1
Nd6 16. Qh4 f5 17. Nxd6 Qxd6 18. Re1 Bd7 19. Ng5 h6 20. Nf3 Rae8 21. Qg3 Kh7 22.
Ne5 Bxe5 23. Rxe5 g5 24. fxg5 f4 25. g6+ Kg7 26. Qe1 Rf5 27. Rxf5 exf5 28. Qf2
Ne3 29. Bd2 Bc6 30. Bf7 Ng4 31. Bxf4 Nxf2 32. Bxd6 Re2 33. Kf1 Rxb2 34. Be5+ Kf8
35. Bc4 Bxg2+ 36. Ke1 Bd5 37. g7+ 1-0

[Event "Open Portugal 2019"]
[Site "Lisboa POR"]
[Date "2019.02.07"]
[Round "6.27"]
[White "Rocha, Sérgio"]
[Black "Li, Yunshan"]
[Result "1/2-1/2"]
[WhiteElo "2354"]
[BlackElo "2196"]
[WhiteFideId "1900404"]
[BlackFideId "8607664"]
[WhiteTitle "IM"]
[BlackTitle "WFM"]
[WhiteCountry "POR"]
[BlackCountry "CHN"]
[PlyCount "252"]
[EventDate "2019.??.??"]

1. d4 Nf6 2. Nf3 g6 3. c4 Bg7 4. Nc3 d5 5. cxd5 Nxd5 6. Qa4+ Bd7 7. Qb3 Nxc3 8.
bxc3 b6 9. e4 c5 10. d5 O-O 11. Be2 Bg4 12. O-O Nd7 13. Bf4 Ne5 14. Nxe5 Bxe2
15. Rfe1 Ba6 16. Rad1 Qd6 17. Nd3 e5 18. Bg3 Bxd3 19. Rxd3 f5 20. f3 f4 21. Bh4
Bf6 22. Bxf6 Rxf6 23. c4 Rd8 24. a4 a5 25. Rb1 Qe7 26. Qc3 g5 27. Qe1 Qe8 28.
Rb5 h5 29. Rdb3 Rdd6 30. h3 Rg6 31. Qb1 g4 32. fxg4 hxg4 33. hxg4 Qd8 34. Rxc5
Rxg4 35. Rc6 Rxc6 36. dxc6 Qd2 37. Qf1 Qd4+ 38. Kh2 Qxe4 39. c7 Qh7+ 40. Rh3
Qxc7 41. Qf3 Qg7 42. Rh5 e4 43. Qxe4 Rh4+ 44. Rxh4 Qg3+ 45. Kg1 Qxh4 46. Kf1 Qf6
47. Kf2 Qb2+ 48. Qe2 Qf6 49. Qd3 Qh4+ 50. Ke2 Qh5+ 51. Kd2 Qg4 52. Qf3 Qg6 53.
Kc3 Qf6+ 54. Kd3 Kg7 55. Qd5 Qg6+ 56. Kd4 Qg3 57. Qb7+ Kg8 58. Qf3 Qg7+ 59. Ke4
Qc7 60. Qg4+ Kh8 61. Qh5+ Kg8 62. Qg5+ Kh7 63. Qf5+ Kg8 64. Qd5+ Kh7 65. Kf5 Kh6
66. Qe6+ Kh7 67. Ke4 Qb8 68. Qd7+ Kh6 69. Kd5 Kg5 70. Qg7+ Kf5 71. Qf7+ Kg5 72.
Kc6 Kh4 73. Qf5 Kg3 74. Qh3+ Kf2 75. Qf3+ Kg1 76. Kb5 Qd6 77. Ka6 Qd4 78. Qd5
Qe3 79. Qc6 Kh2 80. Qxb6 Kxg2 81. c5 f3 82. c6 Qe2+ 83. Ka7 f2 84. c7 Qe7 85.
Qb7+ Kg1 86. c8=Q Qxb7+ 87. Kxb7 f1=Q 88. Qc5+ Kh1 89. Qxa5 Qf7+ 90. Ka6 Qc4+
91. Qb5 Qe6+ 92. Ka7 Kh2 93. a5 Qe7+ 94. Ka6 Qe6+ 95. Ka7 Qe7+ 96. Ka8 Kh3 97.
Qd5 Qf8+ 98. Kb7 Qe7+ 99. Kc6 Qf6+ 100. Qd6 Qc3+ 101. Qc5 Qf3+ 102. Kc7 Qf7+
103. Kb8 Qb3+ 104. Ka7 Qf7+ 105. Kb6 Qb3+ 106. Kc7 Qg3+ 107. Kd7 Qg7+ 108. Kd6
Qg6+ 109. Kd5 Qg5+ 110. Kd4 Qg1+ 111. Kc4 Qf1+ 112. Kb3 Qd1+ 113. Qc2 Qd5+ 114.
Ka4 Qd4+ 115. Ka3 Qd6+ 116. Ka2 Qa6 117. Qc3+ Kg4 118. Ka3 Kf5 119. Qc7 Ke6 120.
Ka4 Kd5 121. Qd7+ Kc5 122. Qf5+ Kc6 123. Qe4+ Kc7 124. Qe5+ Kb7 125. Qd5+ Qc6+
126. Qxc6+ Kxc6 1/2-1/2

[Event "Open Portugal 2019"]
[Site "Lisboa POR"]
[Date "2019.02.07"]
[Round "6.28"]
[White "Aguera Naredo, Javier"]
[Black "Lisowski, Krzysztof"]
[Result "0-1"]
[WhiteElo "2346"]
[BlackElo "2135"]
[WhiteFideId "2204169"]
[BlackFideId "1110969"]
[WhiteTitle "FM"]
[WhiteCountry "ESP"]
[BlackCountry "POL"]
[PlyCount "94"]
[EventDate "2019.??.??"]

1. e4 c5 2. Nf3 Nc6 3. Bb5 g6 4. Bxc6 dxc6 5. d3 Bg7 6. h3 Nf6 7. Nc3 Nd7 8. Be3
e5 9. Qd2 h6 10. O-O b6 11. a3 Nf8 12. b4 cxb4 13. axb4 Ne6 14. Ra3 Nd4 15. Bxd4
exd4 16. Ne2 O-O 17. Rfa1 Qe7 18. Ng3 Rd8 19. Ra4 Be6 20. Ne2 Bc8 21. Qf4 a6 22.
Qd2 Bb7 23. Rb1 Rac8 24. Qf4 b5 25. Ra2 c5 26. bxc5 Qxc5 27. Nc1 Qb6 28. Nb3 Rc3
29. Rba1 Rdc8 30. Ne1 R8c7 31. Qd2 Bc8 32. Nc1 Ra7 33. Ne2 b4 34. Ra5 Rc5 35.
Rxc5 Qxc5 36. f4 a5 37. Nf3 Rc7 38. e5 Qxc2 39. Qxc2 Rxc2 40. Nexd4 Rc5 41. Nb3
Rc3 42. Nxa5 Rxd3 43. Nc6 Bf8 44. Rb1 b3 45. Kf1 Bf5 46. Nh4 Be4 47. Na5 Rd5 0-1

[Event "Open Portugal 2019"]
[Site "Lisboa POR"]
[Date "2019.02.07"]
[Round "6.30"]
[White "Andias, João"]
[Black "Kowalski, Igor"]
[Result "0-1"]
[WhiteElo "2039"]
[BlackElo "2296"]
[WhiteFideId "1900862"]
[BlackFideId "1172468"]
[BlackTitle "FM"]
[WhiteCountry "POR"]
[BlackCountry "POL"]
[PlyCount "88"]
[EventDate "2019.??.??"]

1. e4 e5 2. Nf3 Nc6 3. Bc4 Bc5 4. c3 Nf6 5. d3 d6 6. Bb3 h6 7. h3 a5 8. a4 Ba7
9. Nbd2 Ne7 10. Nf1 Ng6 11. Ng3 O-O 12. O-O d5 13. Be3 Bxe3 14. fxe3 Be6 15. Bc2
Ra6 16. d4 Nxe4 17. Nxe4 dxe4 18. Bxe4 f5 19. Bc2 e4 20. Nd2 Qg5 21. Qe2 Nh4 22.
Kh2 Rb6 23. b3 Bd5 24. c4 Rg6 25. Rf2 Bc6 26. d5 Bd7 27. Raf1 Rff6 28. Kh1 Qg3
29. Rg1 Rg5 30. Bxe4 fxe4 31. Rxf6 gxf6 32. Nxe4 Qe5 33. Nxg5 hxg5 34. e4 Nf5
35. g4 Ng3+ 36. Rxg3 Qxg3 37. Qf1 Qxb3 38. Qxf6 Qxh3+ 39. Kg1 Qxg4+ 40. Kh1
Qxe4+ 41. Kg1 Qg4+ 42. Kh1 Qf5 43. Qd8+ Kf7 44. Qxc7 Qf1+ 0-1

[Event "Open Portugal 2019"]
[Site "Lisboa POR"]
[Date "2019.02.07"]
[Round "6.31"]
[White "Newrkla, Katharina"]
[Black "Srinath, Rao S. V."]
[Result "0-1"]
[WhiteElo "2180"]
[BlackElo "2437"]
[WhiteFideId "1621629"]
[BlackFideId "5028876"]
[WhiteTitle "WIM"]
[BlackTitle "FM"]
[WhiteCountry "AUT"]
[BlackCountry "IND"]
[PlyCount "86"]
[EventDate "2019.??.??"]

1. e4 e6 2. d4 d5 3. Nd2 Nf6 4. e5 Nfd7 5. Bd3 c5 6. c3 Nc6 7. Ne2 cxd4 8. cxd4
f6 9. exf6 Qxf6 10. O-O Bd6 11. Nf3 h6 12. Be3 O-O 13. a3 Rf7 14. Rc1 Nf8 15.
Ng3 Bd7 16. Qd2 Be8 17. Nh5 Qd8 18. Nf4 Qc7 19. Ne5 Bxe5 20. dxe5 Qxe5 21. Ne2
Qf6 22. Bb1 Rd7 23. f4 Bg6 24. Bxg6 Nxg6 25. Nd4 Nge7 26. b4 Nd8 27. Rfe1 Ng6
28. Rf1 Nh4 29. Rc3 Nf7 30. Bf2 Nf5 31. Re1 Re8 32. Nxf5 Qxf5 33. Bxa7 Nd6 34.
Rf3 Ne4 35. Qb2 Rc8 36. Rc1 Rdc7 37. Rxc7 Rxc7 38. Bd4 Nd6 39. Rf2 Qd3 40. Rd2
Qc4 41. Be5 Qc1+ 42. Kf2 Ne4+ 43. Ke2 Nxd2 0-1

[Event "Open Portugal 2019"]
[Site "Lisboa POR"]
[Date "2019.02.07"]
[Round "6.33"]
[White "Krishna Teja, N."]
[Black "Pires, Emanuel"]
[Result "1-0"]
[WhiteElo "2391"]
[BlackElo "2115"]
[WhiteFideId "5001498"]
[BlackFideId "1914715"]
[WhiteTitle "IM"]
[WhiteCountry "IND"]
[BlackCountry "POR"]
[PlyCount "105"]
[EventDate "2019.??.??"]

1. d4 d5 2. c4 Nc6 3. Nf3 Bg4 4. cxd5 Bxf3 5. gxf3 Qxd5 6. e3 e5 7. Nc3 Bb4 8.
a3 Bxc3+ 9. bxc3 Qd6 10. a4 O-O-O 11. Ba3 Qe6 12. Be2 f5 13. Rb1 Nf6 14. Qb3
Qxb3 15. Rxb3 Rhe8 16. Kd2 f4 17. Rhb1 Na5 18. Rb5 b6 19. Rxa5 fxe3+ 20. fxe3
bxa5 21. Ba6+ Kd7 22. Rb7 Kc6 23. Rxa7 Nd7 24. Bd3 Kb6 25. Ra6+ Kb7 26. Rxa5
exd4 27. cxd4 c6 28. Rg5 g6 29. e4 Ra8 30. a5 c5 31. a6+ Kc6 32. Rd5 Rad8 33.
Bxc5 Nxc5 34. Rxc5+ Kb6 35. Ke3 Re7 36. Rb5+ Ka7 37. d5 Rdd7 38. Rc5 g5 39. Kd4
Rf7 40. e5 Rxf3 41. d6 Kb6 42. Be4 Rf4 43. Rc6+ Kb5 44. Rc7 Rd8 45. a7 Kb6 46.
Ke3 Rh4 47. a8=Q Rh3+ 48. Kd4 Rxa8 49. Bxa8 Rxh2 50. Be4 Rd2+ 51. Bd3 g4 52. Rc1
g3 53. d7 1-0

[Event "Open Portugal 2019"]
[Site "Lisboa POR"]
[Date "2019.02.07"]
[Round "6.34"]
[White "Dias, Ricardo"]
[Black "Tryggestad, Andreas Garberg"]
[Result "1-0"]
[WhiteElo "2128"]
[BlackElo "2351"]
[WhiteFideId "1930060"]
[BlackFideId "1513338"]
[BlackTitle "FM"]
[WhiteCountry "POR"]
[BlackCountry "NOR"]
[PlyCount "91"]
[EventDate "2019.??.??"]

1. e4 c5 2. Nf3 e6 3. d4 cxd4 4. Nxd4 Nc6 5. Nc3 Qc7 6. g3 a6 7. Bg2 Nf6 8. O-O
Be7 9. Re1 O-O 10. Nxc6 dxc6 11. e5 Nd5 12. Qf3 b5 13. h4 Bb7 14. Bg5 Bb4 15.
Nxd5 cxd5 16. Bf6 Qxc2 17. Qg4 Qg6 18. Qxb4 gxf6 19. Qe7 Rab8 20. Qxf6 Rfc8 21.
Qxg6+ hxg6 22. Rac1 b4 23. f4 Rc4 24. Bf1 Rc6 25. Rxc6 Bxc6 26. Rc1 Bb5 27. Rc5
d4 28. Bxb5 axb5 29. Kf2 d3 30. Ke3 Ra8 31. Rxb5 Rxa2 32. Rxb4 Ra1 33. Kxd3 Rg1
34. Rb8+ Kg7 35. b4 Rxg3+ 36. Ke4 Rg4 37. b5 Rxh4 38. Ke3 Rg4 39. b6 Rh4 40. Rd8
Rh3+ 41. Kd4 Rb3 42. Kc5 g5 43. fxg5 Kg6 44. Rd4 Kxg5 45. Rb4 Rc3+ 46. Kd6 1-0

[Event "Open Portugal 2019"]
[Site "Lisboa POR"]
[Date "2019.02.07"]
[Round "6.35"]
[White "Thompson, Ian D"]
[Black "Pastar, Slaven"]
[Result "0-1"]
[WhiteElo "2122"]
[BlackElo "2330"]
[WhiteFideId "405205"]
[BlackFideId "14402718"]
[WhiteTitle "FM"]
[BlackTitle "FM"]
[WhiteCountry "ENG"]
[BlackCountry "BIH"]
[PlyCount "62"]
[EventDate "2019.??.??"]

1. c4 e5 2. Nc3 Nc6 3. Nf3 g6 4. d4 exd4 5. Nxd4 Bg7 6. Nxc6 bxc6 7. g3 Ne7 8.
Bg2 Rb8 9. Qa4 d6 10. Qxa7 Be6 11. Qa4 O-O 12. O-O Ra8 13. Qc2 Bxc4 14. Bg5 f6
15. Bd2 Rb8 16. Rfd1 c5 17. Rac1 Qe8 18. b3 Be6 19. Be1 Qf7 20. Nb1 Nd5 21. e4
Nb4 22. Qe2 h5 23. Nc3 Rbe8 24. Nb5 Nc6 25. b4 c4 26. Bc3 Ne5 27. Bxe5 fxe5 28.
Rc3 Ra8 29. Qc2 Ra6 30. Bf1 Rfa8 31. a4 Rxa4 0-1

[Event "Open Portugal 2019"]
[Site "Lisboa POR"]
[Date "2019.02.07"]
[Round "6.36"]
[White "Fröwis, Annika"]
[Black "Gu, Xiaobing"]
[Result "0-1"]
[WhiteElo "2104"]
[BlackElo "2326"]
[WhiteFideId "1621432"]
[BlackFideId "8602611"]
[WhiteTitle "WFM"]
[BlackTitle "WGM"]
[WhiteCountry "AUT"]
[BlackCountry "CHN"]
[PlyCount "112"]
[EventDate "2019.??.??"]

1. e4 c5 2. Nf3 d6 3. d4 cxd4 4. Nxd4 Nf6 5. Nc3 a6 6. f4 e5 7. Nf3 Nbd7 8. a4
Qc7 9. Bd3 Be7 10. O-O O-O 11. Kh1 Nc5 12. Qe1 exf4 13. Bxf4 Re8 14. Nd4 Qb6 15.
Bc4 Bd8 16. Bg5 Ncxe4 17. Bxf6 Nxf6 18. Qd2 Qc5 19. Bd3 Bb6 20. Rxf6 gxf6 21.
Qh6 Qg5 22. Qxh7+ Kf8 23. Qh8+ Ke7 24. Re1+ Be6 25. Nxe6 fxe6 26. Qh7+ Kd8 27.
Qxb7 Rc8 28. Qxb6+ Ke7 29. Ne4 Qe5 30. Re3 Qf4 31. Rf3 Qe5 32. Qb7+ Kd8 33. Nxf6
Re7 34. Qb6+ Rec7 35. Ne4 Ke7 36. Rh3 d5 37. Qb4+ Kd7 38. Rh7+ Kc6 39. Bb5+ Kb6
40. a5+ Ka7 41. Rxc7+ Rxc7 42. Bxa6 Qxe4 43. Qb6+ Ka8 44. Kg1 Qxc2 45. Qxe6 Qc5+
46. Kf1 Qc1+ 47. Ke2 Qxb2+ 48. Kf3 Rc3+ 49. Kf4 Qf2+ 50. Kg5 Qxg2+ 51. Qg4 Qxh2
52. Bb7+ Kb8 53. Qb4 Qe5+ 54. Kg6 Rg3+ 55. Kf7 Rg7+ 56. Kf8 Qf6+ 0-1

[Event "Open Portugal 2019"]
[Site "Lisboa POR"]
[Date "2019.02.07"]
[Round "6.37"]
[White "Bruaset, Eivind"]
[Black "Godzwon, Iwo"]
[Result "0-1"]
[WhiteElo "2124"]
[BlackElo "2322"]
[WhiteFideId "1515276"]
[BlackFideId "21802483"]
[BlackTitle "FM"]
[WhiteCountry "NOR"]
[BlackCountry "POL"]
[PlyCount "116"]

1. e4 c5 2. Nf3 d6 3. d4 cxd4 4. Nxd4 Nf6 5. Nc3 a6 6. h3 e6 7. g4 h6 8. Bg2 Qc7
9. Be3 Nc6 10. Qe2 Bd7 11. O-O-O Be7 12. f4 Nxd4 13. Bxd4 e5 14. Be3 Bc6 15. Qf2
Nd7 16. Nd5 Bxd5 17. Rxd5 Qc4 18. Kb1 Nf6 19. Rd3 Nxe4 20. Bxe4 Qxe4 21. Re1 Qc6
22. fxe5 dxe5 23. Qf5 Bf6 24. Rc3 Qd7 25. Bf4 Qxf5 26. gxf5 O-O 27. Bxe5 Rfe8
28. Rce3 Bg5 29. Re4 Rad8 30. Bd4 Rxe4 31. Rxe4 g6 32. c3 gxf5 33. Re1 Kh7 34.
Rg1 f6 35. Kc2 Re8 36. Kd3 f4 37. a4 Re6 38. b4 Bh4 39. b5 Bg3 40. c4 Rd6 41.
Rc1 Bf2 42. Ke4 Rxd4+ 43. Kf5 Be3 44. Rf1 Rxc4 45. Kxf6 Rxa4 46. bxa6 Rxa6+ 47.
Kf5 b5 48. Ke4 b4 49. Rb1 Rb6 50. Rb3 Kg6 51. Kf3 Kf5 52. h4 h5 53. Ke2 Ke4 54.
Kf1 Kf3 55. Rb2 b3 56. Rf2+ Ke4 57. Rb2 Bd4 58. Re2+ Kf5 0-1

[Event "Open Portugal 2019"]
[Site "Lisboa POR"]
[Date "2019.02.07"]
[Round "6.38"]
[White "Napoli, Nicolo"]
[Black "Jazdanovs, Aleksandrs"]
[Result "1-0"]
[WhiteElo "2316"]
[BlackElo "2100"]
[WhiteFideId "813702"]
[BlackFideId "11604492"]
[WhiteTitle "FM"]
[WhiteCountry "ITA"]
[BlackCountry "LAT"]
[PlyCount "91"]
[EventDate "2019.??.??"]

1. d4 Nf6 2. c4 c5 3. d5 b5 4. Nf3 bxc4 5. Nc3 g6 6. e4 d6 7. Bxc4 Bg7 8. e5
dxe5 9. Nxe5 O-O 10. O-O Nfd7 11. Nc6 Nxc6 12. dxc6 Nb6 13. Be2 Qc7 14. a4 Bxc3
15. bxc3 Rd8 16. Qb3 Be6 17. Qb5 Rac8 18. a5 Nd5 19. Bf3 Qe5 20. Qxc5 Qxc3 21.
Qxc3 Nxc3 22. Be3 Bd5 23. Bxd5 Nxd5 24. Bxa7 Rxc6 25. Rfd1 e6 26. Be3 Ra6 27.
Bd2 f6 28. Kf1 e5 29. Ke2 Kf7 30. g3 Ke6 31. Rdc1 Ne7 32. Rc7 Nc6 33. Bc3 h5 34.
h4 Rd5 35. Rg7 Kf5 36. f3 Nd4+ 37. Bxd4 exd4 38. g4+ hxg4 39. fxg4+ Kxg4 40.
Rxg6+ Kh5 41. Rg8 Raxa5 42. Rag1 d3+ 43. Kd2 Ra2+ 44. Kc3 Rc2+ 45. Kb3 Rb5+ 46.
Ka4 1-0